|
|
|
|
| LEADER |
00000ny a22000003n 4500 |
| 003 |
CaPaEBR |
| 005 |
20110627100247.0 |
| 006 |
m u |
| 007 |
cr cn||||||||| |
| 008 |
200606r2005 sp |||||s|||||||||||spa d |
| 020 |
|
|
|a 9788497726108
|
| 035 |
|
|
|a 1283
|
| 040 |
|
|
|a FlNmELB
|c FlNmELB
|d vLex
|
| 050 |
1 |
4 |
|a HD2887
|b C764 2005eb
|
| 050 |
1 |
4 |
|a HD2887
|b C764 2005eb
|
| 080 |
|
|
|a 65.016(460)
|
| 090 |
|
|
|c 1110
|d 1110
|
| 245 |
0 |
3 |
|a El control de concentraciones empresariales
|h [Recurso electrn̤ico]
|b reforma de las normativas comunitaria y espaǫla: analisis sectorial /
|c Jos ̌Mara̕ Beneyto Přez ...et. al
|
| 256 |
|
|
|a Servicio en ln̕ea
|
| 260 |
|
|
|a Madrid :
|b Dykinson,
|c c2005
|
| 300 |
|
|
|a [11]-214 p
|
| 506 |
1 |
|
|a Contenido solo disponible en los productos indicados
|d vLex Global
|d vLex Global (Academic Edition, excluding Law Schools)
|d vLex Global (U.S. Academic Edition, Law Schools)
|d vLex Global (U.S. Academic Edition, excluding Law Schools)
|d vLex Global (Academic Edition, Law Schools)
|
| 650 |
0 |
7 |
|a Societario
|2 Tesauro vLex
|
| 650 |
0 |
7 |
|a Sociedades
|2 Tesauro vLex
|
| 650 |
0 |
7 |
|a Absorcin̤ societaria
|2 Tesauro vLex
|
| 650 |
0 |
7 |
|a Transformacin̤ de la sociedad
|2 Tesauro vLex
|
| 650 |
0 |
7 |
|a Defensa de la competencia
|2 Tesauro vLex
|
| 650 |
0 |
7 |
|a Control de las concentraciones en Espaą
|2 Tesauro vLex
|
| 650 |
0 |
7 |
|a Control de las concentraciones en Europa
|2 Tesauro vLex
|
| 740 |
0 |
|
|a vLex Libros (Servicios en ln̕ea)
|
| 856 |
4 |
0 |
|u http://vlex.com/source/1283
|z Acceso restringido
|
| 942 |
|
|
|c BOOK
|